| 000 | 00786nam a2200277Ia 4500 | ||
|---|---|---|---|
| 003 | OSt | ||
| 005 | 20221006144743.0 | ||
| 006 | a|||||r|||| 00| 0 | ||
| 007 | ta | ||
| 008 | 221006b |||||||| |||| 00| 0 eng d | ||
| 020 |
_a0520065379 _cP39.95 |
||
| 024 | _a12,611 | ||
| 037 | _cTextual | ||
| 040 |
_aEASL _cEASL _beng |
||
| 041 |
_2eng _aeng |
||
| 082 | _aV41:192.N63, N0 | ||
| 100 |
_aHOFFMANN Steven A _9589394 |
||
| 245 | 0 | _aIndia and the China crisis | |
| 260 |
_aLondon _bUniversity of California _c1990 |
||
| 300 |
_a324p. _ccm. |
||
| 490 |
_v CEL _aInternational crisis behavior series |
||
| 650 |
_a Sino-Indian border dispute _9652768 |
||
| 650 | _aCEL | ||
| 942 |
_hV41:192.N63, N0 _cTEXL _2CC |
||
| 999 |
_c1080697 _d1080697 |
||